Normal view MARC view
  • Rejda, George E.,

Entry Personal Name

Number of records used in: 1

001 - CONTROL NUMBER

  • control field: 38447

003 - CONTROL NUMBER IDENTIFIER

  • control field: OSt

005 - DATE AND TIME OF LATEST TRANSACTION

  • control field: 20150929103145.0

008 - FIXED-LENGTH DATA ELEMENTS

  • fixed length control field: 150929|| aca||aabn | a|a d

040 ## - CATALOGING SOURCE

  • Original cataloging agency: OSt

100 10 - HEADING--PERSONAL NAME

  • Personal name: Rejda, George E.,
  • Dates associated with a name: 1931-